| 000 | 01024nam a2200265 a 4500 | ||
|---|---|---|---|
| 001 | BRCA_618 | ||
| 005 | 20190320203103.0 | ||
| 008 | 250805s1994----fr-a---f##---#000-0#fre-# | ||
| 020 | _a2908063107 | ||
| 041 | _afre | ||
| 041 | _aspa | ||
| 041 |
_aeng _hspa |
||
| 050 | 4 |
_aND813.Z9 _b.C37 1994 |
|
| 100 | 1 |
_aCaturla, María Luisa _92112 |
|
| 245 | 1 | 0 |
_aFrancisco de Zurbarán _cMaría Luisa Caturla ; traduction, adaptation et appareil critique par Odile Delenda. |
| 260 |
_aParís _bWildenstein Institute _c1994 |
||
| 300 |
_a369 p. _bil. (algunas a color), láminas, tablas _c34 cm. |
||
| 500 | _aFirma del artista en los papeles de la guarnición | ||
| 500 | _aIncluye las reimpresiones de artículos del autor en español y uno en inglés en ´Bibliographie de María Luisa Caturla´ (p. 253-326) | ||
| 500 | _aIncluye índice onomástico | ||
| 504 | _aBibliografía: p. 335-350 | ||
| 600 | 1 | 4 |
_aZurbarán, Francisco _d1598-1664 _xCrítica e interpretación _92113 |
| 700 | 1 |
_aDelenda, Odile _92114 |
|
| 942 |
_2lcc _cB |
||
| 999 |
_c544 _d544 |
||